Materials properties for structural parts of cars
Salvato in:
| Autore principale: | |
|---|---|
| Altri autori: | |
| Natura: | Manoscritto Libro |
| Lingua: | slovacco inglese |
| Pubblicazione: |
2020
|
| Soggetti: | |
| Accesso online: | http://is.stuba.sk/zp/portal_zp.pl?podrobnosti=153924 |
| Tags: |
Nessun Tag, puoi essere il primo ad aggiungerne!!
|
MARC
| LEADER | 00000ntm a22000003a 4500 | ||
|---|---|---|---|
| 001 | stuzp80232 | ||
| 003 | SK-STU | ||
| 005 | 20200711210822.6 | ||
| 007 | ta | ||
| 008 | 150427s2015----xo-----f-mn---000-0-slo-d | ||
| 040 | |a STU |b slo | ||
| 041 | 0 | |a eng | |
| 100 | 1 | |a Ramalingam, Raam Sankar |u 020050 |4 aut |U SjF Strojnícka fakulta |T SjF Ústav technológií a materiálov |X 99976 |U J0050 |Y 803 |7 99976 | |
| 242 | 0 | 1 | |a Vlastnosti materiálov pre komponenty vozidla |y slo |
| 245 | 1 | 0 | |a Materials properties for structural parts of cars |
| 260 | |c 2020 | ||
| 650 | 4 | |a Bendability |2 eng | |
| 650 | 4 | |a Hardenability |2 eng | |
| 650 | 4 | |a Hot rolled |2 eng | |
| 650 | 4 | |a Hardening |2 eng | |
| 650 | 4 | |a Forming |2 eng | |
| 650 | 4 | |a Cold rolled |2 eng | |
| 650 | 4 | |a valcovanie za tepla |2 slo | |
| 650 | 4 | |a pružnosť, |2 slo | |
| 650 | 4 | |a kalenie |2 slo | |
| 650 | 4 | |a valcovanie za studena |2 slo | |
| 650 | 4 | |a tvárnenie, |2 slo | |
| 650 | 4 | |a kaliteľnosť |2 slo | |
| 700 | 1 | |a Brusilová, Alena |u 020050 |k Z1 |4 ths |U SjF Strojnícka fakulta |T SjF Ústav technológií a materiálov |X 2293 |U J0050 |Y 803 |7 A000002293 | |
| 856 | 4 | |u http://is.stuba.sk/zp/portal_zp.pl?podrobnosti=153924 | |